000 01386nam2a22002891 4500
001 v19\rc\1544359
005 20260406120108.0
035 _a(NLR Aleph) 005235291
090 _a5647886
_c5647886
100 _a20060620d1880 |||y0rusy50 ca
101 0 _arus
102 _aRU
105 _aa z |||||
200 1 _aО купце Остолопе и работнике его Балде
_f[Соч.] А.С. Пушкина
210 _d1880
_aБ. м.
215 _a80 с.
_cил.
423 0 _11010#$arus
_12001#$aО царе Берендее$f[Соч.] В.А. Жуковского
_tО царе Берендее
423 0 _11010#$arus
_12001#$aКонек-Горбунок$f[Соч.] П. Ершова
_tКонек-Горбунок
461 0 _1001v19\rc\1544358
_12001#$aСборник русских сказок$eВып. 1-2$vВып. 1
_93554290
_cСанкт-Петербург
_d1880-1881
_nред. нар. журн. "Мирской вестн."
_oВып. 1-2
_p2 т.
_tСборник русских сказок
_vВып. 1
700 1 _7ca
_8rus
_aПушкин
_bА. С.
_cпоэт
_f1799-1837
_gАлександр Сергеевич
_9110441
_3RU\NLR\AUTH\77386
801 2 _aRU
_bNLR
_c20071218
_2rusmarc
801 0 _aRU
_bNLR
_c20060620
_gpsbo
801 0 _aRU
_bRuMoRGB
_c20060620
_2psbo
801 1 _aRU
_bProSoft-M
_c20060620
_2rusmarc
852 _aNLR
_j18.166.4.126
942 _cBOOK
980 _aNB